000 00374nam a2200133Ia 4500
005 20260326235500.0
008 260326s9999||||xx |||||||||||||| ||und||
100 _aSalentiny, Fernand
245 0 _aMachu Pichu :
_b Enigma de piedra en la tierra del condor /
_cFernand Salentiny
260 _bNoguer
300 _a208 p.
650 _aARQUITECTURA MESOAMÉRICANA
942 _cBK
999 _c8051
_d8051